[Event "New York Marshall op 04"]
[Site "New York"]
[Date "2024.04.15"]
[Round "5"]
[White "Nkululeko, Nkosi"]
[Black "Li, Michael2"]
[Result "1-0"]
[WhiteElo "1956"]
[BlackElo "2072"]
[PlyCount "117"]
[EventDate "2024.04.13"]
[EventType "swiss"]
[EventRounds "5"]
[EventCountry "USA"]
[SourceTitle "CB18_2024"]
[SourceDate "2024.05.01"]
[SourceVersion "1"]
[SourceVersionDate "2024.05.01"]
[SourceQuality "2"]

1. e4 c5 2. c3 e5 3. Nf3 Nc6 4. Bc4 Qc7 5. Ng5 Nd8 6. Qb3 d6 7. 0-0 h6 8. Nf3 Nf6 9. d4 Be7 10. Bb5+ Nc6 11. d5 a6 12. Qa4 Rb8 13. Be2 b5 14. Qc2 Na5 15. b3 Nh7 16. Re1 0-0 17. Nbd2 Ng5 18. Nf1 Qd8 19. Bxg5 Bxg5 20. b4 Nb7 21. a4 Bd7 22. axb5 axb5 23. Ra7 c4 24. Ng3 Bf4 25. Rea1 Bxg3 26. hxg3 f5 27. Nd2 f4 28. g4 Qg5 29. Nf3 Qf6 30. Nh2 g6 31. Qa2 Qd8 32. Qa6 Qc7 33. Nf3 Kh7 34. g5 Rh8 35. Qa5 Qc8 36. Qb6 Re8 37. R1a6 Re7 38. Rxb7 Qxb7 39. Qxd6 Be8 40. Nxe5 Qc7 41. Qxc7 Rxc7 42. d6 Rg7 43. gxh6 Kxh6 44. Bg4 Kg5 45. d7 Rd8 46. Rd6 Bxd7 47. Bxd7 Re7 48. Rxg6+ Kh4 49. Nf3+ Kh5 50. Rg5+ Kh6 51. Bf5 Rd1+ 52. Kh2 Rd6 53. Rg4 Rf6 54. Rh4+ Kg7 55. Rh7+ Kf8 56. Rxe7 Kxe7 57. Nd4 Rb6 58. e5 Kd8 59. Kh3 1-0